<?xml version="1.0" encoding="UTF-8"?>
<collection xmlns="http://www.loc.gov/MARC21/slim">
 <record>
  <leader>00704nam a22002055a 4500</leader>
  <controlfield tag="001">EHU.bham020314</controlfield>
  <controlfield tag="008">130507s1990##################000#0#####d</controlfield>
  <controlfield tag="005">20210713095736.0</controlfield>
  <datafield tag="245" ind1="1" ind2="0">
   <subfield code="a">Literatura quechua /</subfield>
   <subfield code="c">ed. por Edmundo Bendezú Aybar.</subfield>
  </datafield>
  <datafield tag="260" ind1=" " ind2=" ">
   <subfield code="a">Caracas :</subfield>
   <subfield code="b">Biblioteca Ayacucho,</subfield>
   <subfield code="c">1990.</subfield>
  </datafield>
  <datafield tag="300" ind1=" " ind2=" ">
   <subfield code="a">450 p.</subfield>
  </datafield>
  <datafield tag="530" ind1=" " ind2=" ">
   <subfield code="a">Disponible también en formato digital</subfield>
  </datafield>
  <datafield tag="700" ind1="1" ind2=" ">
   <subfield code="a">Bendezú Aybar, Edmundo, ed.</subfield>
  </datafield>
  <datafield tag="082" ind1="8" ind2="9">
   <subfield code="a">898</subfield>
  </datafield>
  <datafield tag="653" ind1=" " ind2=" ">
   <subfield code="a">Literatura quechua</subfield>
  </datafield>
  <datafield tag="655" ind1=" " ind2="7">
   <subfield code="a">Libros electrónicos</subfield>
  </datafield>
  <datafield tag="653" ind1=" " ind2=" ">
   <subfield code="a">Literatura andina precolonial</subfield>
  </datafield>
  <datafield tag="653" ind1=" " ind2=" ">
   <subfield code="a">Cultura quechua</subfield>
  </datafield>
  <datafield tag="856" ind1=" " ind2=" ">
   <subfield code="u">https://docero.com.br/doc/n8vcess</subfield>
   <subfield code="y">Acceso a texto completo</subfield>
  </datafield>
  <datafield tag="859" ind1=" " ind2=" ">
   <subfield code="a">AR-BHAM</subfield>
   <subfield code="b">BIB. HUMANIDADES - General</subfield>
   <subfield code="h">898</subfield>
   <subfield code="i">B39</subfield>
   <subfield code="p">215.96</subfield>
   <subfield code="t">Ej.1</subfield>
  </datafield>
 </record>
</collection>
